000
00293nam a2200121Ia 4500
008
241028s9999 xx 000 0 und d
041
_a
eng
082
_a
327.730 UNG
100
_a
Craig Unger
245
_a
House Of Bush House Of Saud
260
_b
Gsb
_a
London
_c
2002
300
_a
355;. P. 21 cm
999
_c
42883
_d
42883